[Event "Girona-ch"]
[Site "Girona"]
[Date "2008.11.02"]
[Round "5"]
[White "Pont Berenguer, Josep"]
[Black "Mayo Casademont, Andreu"]
[Result "0-1"]
[WhiteElo "1842"]
[BlackElo "1995"]
[PlyCount "68"]
[EventDate "2008.10.05"]
[EventType "swiss"]
[EventRounds "9"]
[EventCountry "ESP"]
[SourceTitle "EXT 2011"]
[Source "ChessBase"]
[SourceDate "2010.11.26"]
[SourceVersion "1"]
[SourceVersionDate "2010.11.26"]
[SourceQuality "1"]

1. d4 c5 2. d5 Nf6 3. c4 b5 4. Nf3 g6 5. Nc3 b4 6. Nb1 d6 7. b3 Bg7 8. Bb2 0-0 9. Nbd2 a5 10. a4 e6 11. e4 exd5 12. cxd5 Re8 13. Bxf6 Qxf6 14. Rc1 Bg4 15. Bd3 Bh6 16. Rc2 Nd7 17. 0-0 Ne5 18. Be2 Nxf3+ 19. Bxf3 Bxf3 20. Qxf3 Qxf3 21. gxf3 Bxd2 22. Rxd2 Re5 23. h3 Rae8 24. Kh2 f5 25. exf5 Rxf5 26. Rd3 Ree5 27. Rfd1 Kf7 28. Kg3 Rg5+ 29. Kh2 Re2 30. Rf1 Kf6 31. h4 Rge5 32. Kg3 Rc2 33. f4 Re4 34. Re3 Rxe3+ 0-1